[Event "Czech Extra League 2000-1"]
[Site "CZE"]
[Date "2000.12.17"]
[Round "3"]
[White "Frolik,M"]
[Black "Velicka,P"]
[Result "1/2-1/2"]
[WhiteElo "2303"]
[BlackElo "2464"]

1.Nf3 d5 2.d4 c5 3.c4 dxc4 4.e3 Nf6 5.Bxc4 a6 6.O-O b5 7.Bb3 c4 8.Bc2 Bb7
9.a4 Nbd7 10.Qe2 e6 11.axb5 axb5 12.Rxa8 Qxa8 13.b3 cxb3 14.Bxb3 Be7 15.Qxb5 Bxf3
16.gxf3 Qxf3 17.Nd2 Qg4+ 18.Kh1 O-O 19.Qc6 Rb8 20.Bc2 Qh5 21.Rg1 Qd5+ 22.Qxd5 Nxd5
23.Nf3 Rc8 24.Bb1 N7f6 25.Bd2 Bb4 26.Rc1 Rxc1+ 27.Bxc1 Nc3 28.Bc2 Na2 29.Bb2 Bc3  1/2-1/2

[Event "108th ch-NZL"]
[Site "Auckland NZL"]
[Date "2001.01.02"]
[Round "3"]
[White "Metge,J"]
[Black "Spain,G"]
[Result "0-1"]
[WhiteElo "2152"]
[BlackElo "2180"]

1.d4 d5 2.c4 dxc4 3.Nf3 c5 4.e3 cxd4 5.exd4 Be6 6.Nc3 Nf6 7.Ne5 Nc6 8.Nxc6 bxc6
9.Qa4 Qd7 10.Bxc4 Bxc4 11.Qxc4 e6 12.O-O Bd6 13.Bg5 Rb8 14.Bxf6 gxf6 15.Ne4 Be7
16.Rfc1 Rb6 17.Rc3 O-O 18.Nc5 Qd6 19.Re1 Rd8 20.Nb3 Kh8 21.Rg3 f5 22.Qc1 Rbb8
23.Qh6 Rg8 24.Rh3 Rg7 25.f4 Qd5 26.Re2 a5 27.Rd3 a4 28.Nc1 Rb4 29.Red2 Rc4
30.Rd1 Qxg2+  0-1

[Event "Corus Reserve Gp"]
[Site "Wijk aan Zee NED"]
[Date "2001.01.16"]
[Round "1"]
[White "Wunnink,M"]
[Black "Afek,Y"]
[Result "0-1"]
[WhiteElo "2210"]
[BlackElo "2360"]


1.d4 d5 2.c4 dxc4 3.Nf3 c5 4.e3 cxd4 5.Bxc4 Qc7 6.Qb3 e6 7.exd4 Nf6 8.Nc3 a6
9.O-O Nc6 10.Qd1 Be7 11.h3 O-O 12.Qe2 b5 13.Bd3 Bb7 14.Bg5 Nb4 15.Bb1 Qc4
16.Qxc4 bxc4 17.Ne5 Rac8 18.Na4 Rfd8 19.Be3 Nfd5 20.a3 f6 21.Nf3 Nd3 22.b3 N3f4
23.Bxf4 Nxf4 24.Nb6 cxb3 25.Nxc8 Rxc8 26.Nd2 Bxg2 27.Nxb3 Rc3 28.Rc1 Rxb3
29.Ba2 Rb6 30.Rc8+ Kf7 31.Rb1 Rxb1+ 32.Bxb1 Bd5 33.Bxh7 Nxh3+ 34.Kf1 g6 35.Bg8+ Kg7
36.Rc7 Kxg8 37.Rxe7 g5 38.Ke2 g4 39.Rc7 f5 40.Ke1 f4  0-1

[Event "6th HIT Open"]
[Site "Nova Gorica SLO"]
[Date "2001.01.26"]
[Round "2"]
[White "Tonon,A"]
[Black "Djurkovic,M"]
[Result "1/2-1/2"]
[WhiteElo "2175"]
[BlackElo "2140"]

1.d4 d5 2.c4 dxc4 3.Nf3 c5 4.d5 e6 5.Nc3 exd5 6.Qxd5 Qxd5 7.Nxd5 Bd6 8.e4 Nf6
9.Nxf6+ gxf6 10.Bxc4 Rg8 11.Be3 Ke7 12.O-O-O Nc6 13.Bxf7 Rxg2 14.Bc4 Be6
15.Bxe6 Kxe6 16.Nh4 Rgg8 17.Nf5 Bf8 18.Rhg1 Rg6 19.Rg3 Rc8 20.Rdg1 Kf7 21.h4 Ne5
22.h5 Rxg3 23.Rxg3 Rd8 24.Kc2 Nc6 25.a3 Re8 26.f3 b5 27.Bh6 Re5 28.Bxf8 Kxf8
29.Kd3 c4+ 30.Ke3 Rc5 31.Kd2 a5 32.h6 b4 33.axb4 axb4 34.Rg7 c3+ 35.bxc3 bxc3+
36.Kc1 Nb4 37.Ne3 c2 38.Nxc2 Rxc2+ 39.Kd1 Rh2 40.Rxh7 Nc6 41.Rd7 Rxh6 42.Rd6 Ne5
43.f4 Nf7 44.Ra6 Kg7 45.Ke2 Rh3 46.Kf2 Nh6 47.Ra7+ Kg6 48.Ra6 Kg7 49.Ra7+ Nf7  1/2-1/2

[Event "6th HIT Open"]
[Site "Nova Gorica SLO"]
[Date "2001.02.01"]
[Round "8"]
[White "Sitnik,I"]
[Black "Djurkovic,M"]
[Result "0-1"]
[WhiteElo "2277"]
[BlackElo "2140"]

1.d4 d5 2.c4 dxc4 3.Nf3 c5 4.d5 e6 5.Nc3 exd5 6.Qxd5 Qxd5 7.Nxd5 Na6 8.e4 Ne7
9.Bxc4 Nxd5 10.Bxd5 Nb4 11.O-O Nxd5 12.exd5 f6 13.Bf4 Bf5 14.Rfe1+ Kd7 15.Rac1 g5
16.Bg3 Bd6 17.Nd2 b5 18.Ne4 Bxe4 19.Rxe4 Rhe8 20.f3 Rxe4 21.fxe4 Re8 22.Rf1 Bxg3
23.hxg3 Rxe4 24.Rxf6 Re2 25.Rc6 c4 26.b3 Rxa2 27.bxc4 b4 28.Rc5 Ra6 29.Rb5 Rb6
30.Ra5 b3 31.Rxa7+ Kd6 32.Ra1 Kc5 33.Kf2 Kxc4 34.Ke3 b2 35.Rb1 Kxd5 36.Kd2 Rb3
37.Kc2 Rxg3 38.Rd1+ Ke5 39.Rd2 Rb3 40.Kb1 Kf4 41.Rd7 h5  0-1

[Event "Belgian Interteams 2000-1"]
[Site "BEL"]
[Date "2001.02.04"]
[Round "8"]
[White "Martyn,R"]
[Black "De Bruycker,B"]
[Result "1/2-1/2"]
[WhiteElo "2130"]
[BlackElo "2217"]

1.d4 d5 2.c4 dxc4 3.Nf3 a6 4.e3 Bg4 5.Bxc4 e6 6.h3 Bxf3 7.Qxf3 Nc6 8.O-O Qh4
9.Qe2 Nf6 10.Nd2 g5 11.Nf3 Qh5 12.e4 g4 13.hxg4 Qxg4 14.d5 Rg8 15.g3 Bc5
16.Kh2 Nxe4 17.dxe6 f5 18.Bf4 Bd6 19.Bxd6 cxd6 20.Kg2 Ng5 21.Nxg5 Qxe2 22.Bxe2 Rxg5
23.Rh1 Rg7 24.Bd3 f4 25.Bxh7 Ke7 26.Bf5 Nd4 27.Bh3 fxg3 28.f4 Rf8 29.Raf1 Nf5
30.Bxf5 Rxf5 31.Rf3 Rg6 32.Rxg3 Rxe6 33.Kf3 Ref6 34.Rg4 Kd7  1/2-1/2

[Event "FSIMB February"]
[Site "Budapest HUN"]
[Date "2001.02.05"]
[Round "2"]
[White "Schulze,Hu"]
[Black "Nemeth,Z"]
[Result "0-1"]
[WhiteElo "2181"]
[BlackElo "2319"]

1.d4 d5 2.c4 dxc4 3.Nf3 c5 4.d5 e6 5.Nc3 Nf6 6.e4 exd5 7.exd5 Bd6 8.Qe2+ Kf8
9.Qxc4 Bg4 10.Be2 Nbd7 11.Bg5 Bxf3 12.Bxf3 Ne5 13.Qe2 Nxf3+ 14.Qxf3 Qe7+
15.Kd2 Be5 16.Rhe1 Bxc3+ 17.Kxc3 Qd6 18.Rad1 Rd8 19.Bxf6 gxf6 20.Re6 Qd7
21.Qxf6 Rg8 22.Qh6+ Rg7 23.Re3 Kg8 24.Rdd3 Qf5 25.d6 Rg6 26.Qh4 Rdxd6 27.Rxd6 Rxd6
28.Qe7 Qxf2 29.Rg3+ Rg6 30.Qe8+ Kg7 31.Qe5+ Qf6 32.Rxg6+ hxg6 33.Qxf6+ Kxf6
34.Kc4 Ke5 35.Kxc5 f5 36.h4 Ke4 37.Kd6 Ke3 38.Kc7 b5 39.Kc6 Kf2 40.g3  0-1

[Event "ch-ROM Women"]
[Site "Baile Tusnad ROM"]
[Date "2001.02.07"]
[Round "1"]
[White "Cosma,E"]
[Black "Ionescu Brandis,I"]
[Result "1/2-1/2"]
[WhiteElo "2343"]
[BlackElo "2330"]

1.d4 d5 2.c4 dxc4 3.Nf3 a6 4.e3 Bg4 5.Bxc4 e6 6.h3 Bh5 7.Nc3 Nf6 8.O-O Nc6
9.Be2 Bd6 10.b3 O-O 11.Bb2 Qe7 12.Ne5 Bxe2 13.Nxc6 Bxd1 14.Nxe7+ Bxe7 15.Rfxd1 Rfd8
16.Rac1 Rd7 17.Kf1 Rad8 18.Ke2 Kf8 19.g4  1/2-1/2

[Event "5th United Insurance"]
[Site "Dhaka BAN"]
[Date "2001.02.20"]
[Round "2"]
[White "Murshed,N"]
[Black "Volzhin,A"]
[Result "1/2-1/2"]
[WhiteElo "2457"]
[BlackElo "2539"]

1.d4 d5 2.c4 dxc4 3.Nf3 a6 4.e3 e6 5.Bxc4 c5 6.Qe2 b5 7.Bd3 cxd4 8.Nxd4 Nf6
9.O-O e5 10.Qf3 Ra7 11.Nc6 Nxc6 12.Qxc6+ Bd7 13.Qf3 Bg4 14.Qc6+ Qd7 15.Qb6 Bd6
16.e4 O-O 17.f3 Rc7 18.Be3 Rc6 19.Qa7 Qxa7 20.Bxa7  1/2-1/2

[Event "ENG-GER match women"]
[Site "Battle Abbey ENG"]
[Date "2001.02.21"]
[Round "6"]
[White "Flear,C"]
[Black "Nill,J"]
[Result "0-1"]
[WhiteElo "2184"]
[BlackElo "2239"]

1.d4 d5 2.c4 dxc4 3.Nf3 a6 4.e3 Bg4 5.Bxc4 e6 6.Nc3 Nf6 7.Qb3 Bxf3 8.gxf3 b5
9.Be2 c5 10.Rg1 cxd4 11.exd4 Nc6 12.Be3 Nxd4 13.Bxd4 Qxd4 14.Nxb5 Bb4+ 15.Nc3 O-O
16.Rd1 Qh4 17.Kf1 Rfd8 18.Rxd8+ Rxd8 19.Ne4 Nxe4 20.fxe4 Qxe4 21.Rg4 Qb1+
22.Kg2 Bf8 23.Qb6 Rd2 24.Bxa6 Rxb2 25.Qd4 Rxa2 26.Bd3 Qb7+ 27.Be4 Qc7 28.Qf6 g6
29.Bd3 Bg7 30.Qf3 Ra3 31.Qe2 Qd6 32.Rg3 Be5 33.Rh3 Bxh2 34.Qc2 Be5 35.Rf3 Rc3
36.Qa4 Rxd3 37.Qe8+ Kg7 38.Qxf7+ Kh6  0-1

[Event "IV Open"]
[Site "Malaga ESP"]
[Date "2001.03.01"]
[Round "7"]
[White "Arencibia,W"]
[Black "Lorenzo Duran,M"]
[Result "1-0"]
[WhiteElo "2534"]
[BlackElo "2201"]

1.d4 d5 2.c4 dxc4 3.Nf3 c5 4.e3 Nf6 5.Bxc4 e6 6.O-O cxd4 7.exd4 Be7 8.Qe2 O-O
9.Rd1 Nbd7 10.Nc3 Nb6 11.Bb3 Nbd5 12.Ne5 Bd7 13.Rd3 Bc6 14.Rg3 Nxc3 15.bxc3 Be4
16.h4 Bg6 17.Rh3 Rc8 18.g4 Nd5 19.h5 Nxc3 20.Rxc3 Rxc3 21.hxg6 hxg6 22.Bb2 Rc7
23.Rd1 Bf6 24.Rd3 Bxe5 25.Qxe5 Qb8 26.Rh3 Rfc8 27.Qg5 b5 28.Qh4 Kf8 29.d5 exd5
30.Qh8+ Ke7 31.Qxg7 Rc1+ 32.Bxc1 Rxc1+ 33.Kg2 Qf4 34.Re3+ Kd7 35.Bxd5 Qxg4+
36.Rg3 Qf5 37.Qxf7+ Qxf7 38.Bxf7 a5 39.Rxg6 Rc2 40.Rb6 Rb2 41.Bc4 b4 42.Ra6 Rc2
43.Bb3 Rc5 44.f4  1-0

[Event "Linklater Mem"]
[Site "San Francisco USA"]
[Date "2001.03.02"]
[Round "5"]
[White "Baginskaite,C"]
[Black "Baburin,A"]
[Result "1/2-1/2"]
[WhiteElo "2306"]
[BlackElo "2598"]

1.d4 d5 2.c4 dxc4 3.Nf3 a6 4.e3 Bg4 5.Bxc4 e6 6.h3 Bh5 7.Nc3 Nc6 8.d5 exd5
9.Bxd5 Nge7 10.Ne5 Nxe5 11.Qxh5 Nd3+ 12.Ke2 Nxd5 13.Qxd5 Qxd5 14.Nxd5 O-O-O
15.e4 Nc5 16.Nc3 Bd6 17.Be3 Rhe8 18.Kf3 Nd3 19.Rab1 Be5 20.Na4 Re6 21.Rhd1 Rc6
22.Rd2 b5 23.Rbd1 Rcd6 24.Ke2 Nxb2 25.Nxb2 Rxd2+ 26.Bxd2 Bxb2 27.Rb1 Bd4
28.Ba5 Kb7 29.a4 Bb6 30.Bc3 bxa4 31.Bxg7 Rg8 32.Be5 Re8 33.f4 f6 34.Bxf6 Rxe4+
35.Kf3 Re3+ 36.Kg4 a3 37.Bg7 a2 38.Ra1 Re2 39.g3 Kc6 40.f5 Rd2 41.Kh5 Kd5
42.g4 Bd4 43.Bxd4 Kxd4 44.f6 Rf2 45.f7 Rxf7 46.Rxa2 c5 47.Rxa6 Rc7 48.Kh6 c4
49.g5 c3 50.Ra1 c2 51.Rc1 Ke5 52.g6 hxg6 53.Kxg6 Kf4 54.h4 Rc6+ 55.Kf7 Kf5
56.Ke7 Ke4 57.Kf7 Kf4 58.h5 Rc7+ 59.Kf6 Rc6+ 60.Kf7 Kf5 61.h6 Rc7+ 62.Ke8 Kf6
63.Kd8 Rc3 64.Kd7 Kg6 65.Kd6 Kxh6 66.Kd5 Kg5  1/2-1/2

[Event "Tch-NED"]
[Site "NED"]
[Date "2001.03.25"]
[Round "8"]
[White "Hennig,D"]
[Black "Afek,Y"]
[Result "1-0"]
[WhiteElo "2443"]
[BlackElo "2360"]

1.d4 d5 2.Nf3 c5 3.c4 dxc4 4.Nc3 cxd4 5.Qxd4 Qxd4 6.Nxd4 Nf6 7.e4 e5 8.Ndb5 Kd8
9.Be3 Be6 10.Bxa7 Nbd7 11.Be3 Ng4 12.Bg5+ f6 13.Bd2 Bc5 14.Nd1 Nb6 15.Be2 Kd7
16.h3 Nh6 17.Bxh6 gxh6 18.Bg4 Rag8 19.Bf3 Na4 20.Nbc3 Nxc3 21.Nxc3 Kc6 22.Ke2 Bd4
23.Rac1 Ra8 24.a3 b5 25.Bg4 Bf7 26.Bf5 Kc5 27.Rc2 Rhb8 28.Na2 b4 29.Nxb4 Rxb4
30.axb4+ Kxb4 31.Rb1 Kb3 32.Kd1 h5 33.h4 h6 34.Kc1 Rg8 35.g3 Ra8 36.Bh3 Ra6
37.Bf1 Be6 38.Be2 Bf7 39.Bd1 Kb4 40.Re2 Bg6 41.Kd2 f5 42.Bc2 fxe4 43.Bxe4 Bxe4
44.Rxe4 Kb3 45.f4 Ra2 46.fxe5 Bxb2 47.Re3+ Ka4 48.e6 Bf6+ 49.Kc1 Rf2 50.e7 Rf1+
51.Kc2 Rf2+ 52.Kd1  1-0

[Event "It"]
[Site "Oakham ENG"]
[Date "2001.04.05"]
[Round "8"]
[White "Pert,N"]
[Black "Estrada Nieto,J"]
[Result "1-0"]
[WhiteElo "2455"]
[BlackElo "2372"]

1.d4 d5 2.Nf3 c5 3.c4 dxc4 4.d5 e6 5.Nc3 exd5 6.Qxd5 Qxd5 7.Nxd5 Bd6 8.Nd2 Ne7
9.e4 Nxd5 10.exd5 Bf5 11.Nxc4 Kd7 12.Be3 Na6 13.Rc1 Rac8 14.Nxd6 Kxd6 15.Bc4 Nb4
16.Bf4+ Kd7 17.Kd2 Be4 18.Bb5+ Kd8 19.f3 Bxd5 20.a3 Bc6 21.Rxc5 b6 22.Bxc6 Nxc6
23.Rd5+ Ke7 24.Re1+ Kf6 25.h4 g6 26.Bh6 Rhe8 27.Rd6+ Re6 28.Bg5+ Kg7 29.Rexe6 fxe6
30.Rd7+ Kg8 31.Bf6 e5 32.Rg7+ Kf8 33.Rxh7 Re8 34.Rc7 Re6 35.Bg7+ Kg8 36.Bh6 a5
37.Be3 Ne7 38.Rd7 Nf5 39.Bf2 e4 40.fxe4 Rxe4 41.Bxb6 a4 42.Bf2 Nxh4 43.Kd3 Rg4
44.Bxh4 Rxh4 45.Rd4 Rh2 46.Rg4 Kf7 47.Ke3 Kf6 48.Kf3 Rh1 49.Rxa4 Rf1+ 50.Ke2 Rg1
51.Kf2  1-0

[Event "Open"]
[Site "Metz FRA"]
[Date "2001.04.07"]
[Round "1"]
[White "Iglesias,Jo"]
[Black "Shirazi,K"]
[Result "0-1"]
[WhiteElo "2308"]
[BlackElo "2413"]

1.d4 d5 2.c4 dxc4 3.Nf3 a6 4.e3 b5 5.a4 Bb7 6.b3 c5 7.bxc4 bxc4 8.Bxc4 e6
9.O-O Nd7 10.Ba3 Ngf6 11.Nbd2 Rc8 12.Be2 Rc7 13.Rc1 cxd4 14.Bxf8 Nxf8 15.Nxd4 Rd7
16.Qb3 Ng6 17.Bf3 Nd5 18.Ne4 Ba8 19.Nc6 Bxc6 20.Rxc6 Ne5 21.Rxa6 Nxf3+ 22.gxf3 O-O
23.Rc6 Qa8 24.Rfc1 Ne7 25.Rc7 Rxc7 26.Rxc7 Nf5 27.Kg2 Qa5 28.Rc5 Qe1 29.Qc2 Nh4+
30.Kg3 Qh1 31.Ng5 Nf5+ 32.Rxf5 Qg1+ 33.Kh3 exf5 34.Qxf5 g6 35.Qf4 Qxf2 36.Ne4 Qf1+
37.Kg3 Qa6 38.Nf6+ Kg7 39.Ng4 h5 40.Qd4+ f6 41.Nf2 Qf1 42.Qd1 h4+  0-1

[Event "Solett Open"]
[Site "Skelleftea SWE"]
[Date "2001.04.11"]
[Round "3"]
[White "Rustemov,A"]
[Black "Rantanen,Y"]
[Result "1/2-1/2"]
[WhiteElo "2625"]
[BlackElo "2327"]

1.d4 d5 2.c4 dxc4 3.Nf3 c5 4.e4 cxd4 5.Qxd4 Qxd4 6.Nxd4 Bd7 7.Bxc4 Nc6 8.Nxc6 Bxc6
9.Nc3 Rc8 10.Be3 e6 11.Bxa7 Bxe4 12.Bb5+ Bc6 13.Ke2 Bc5 14.Bxc5 Bxb5+ 15.Nxb5 Rxc5
16.a4 Rc2+ 17.Kf3 Rxb2 18.Rhc1 Kd8 19.Ra3 Nf6 20.Rd3+ Nd5 21.Nc7 Ke7 22.Nxd5+ exd5
23.Rc7+ Ke6 24.Re3+ Kf6 25.Kg3 Rf8 26.Rd7 g6 27.Rxd5 Rb4 28.a5 Kg7 29.Re7 Kf6
30.Rc7 Kg7 31.f3 Rb2 32.Kh3 Rb3 33.Re7 Kf6 34.Red7 Kg7 35.Rc7 h6 36.Re7 Kf6
37.Red7 Kg7 38.Rc7 Rb4 39.g3 Rb3 40.f4 Rb2 41.Re7 Kf6 42.Rc7 Kg7 43.Re5 Kf6
44.Rd7 Kg7 45.Rc7 Kf6 46.Rd5 Kg7 47.Kg4 Rxh2 48.Rxb7 h5+ 49.Kf3  1/2-1/2

[Event "FSIMB April"]
[Site "Budapest HUN"]
[Date "2001.04.14"]
[Round "8"]
[White "Petran,Pa"]
[Black "Nemeth,Z"]
[Result "1/2-1/2"]
[WhiteElo "2392"]
[BlackElo "2319"]

1.d4 d5 2.c4 dxc4 3.Nf3 c5 4.d5 e6 5.Nc3 Nf6 6.e4 exd5 7.e5 Ne4 8.Nxe4 dxe4
9.Qxd8+ Kxd8 10.Ng5 Be6 11.Nxe6+ fxe6 12.Bxc4 Nc6 13.Bxe6 Nd4  1/2-1/2

[Event "FSGM April"]
[Site "Budapest HUN"]
[Date "2001.04.16"]
[Round "10"]
[White "Hoang Thanh Trang"]
[Black "Narciso Dublan,M"]
[Result "1-0"]
[WhiteElo "2465"]
[BlackElo "2544"]

1.d4 d5 2.c4 dxc4 3.Nf3 a6 4.e3 Nf6 5.Bxc4 b5 6.Be2 Bb7 7.O-O e6 8.b3 Nbd7
9.a4 b4 10.Bb2 Be7 11.Nbd2 O-O 12.Nc4 c5 13.Nfe5 Qc7 14.Rc1 Rfd8 15.Bf3 Rac8
16.Qe2 Qb8 17.Rfd1 Qa8 18.Bxb7 Qxb7 19.Nd3 cxd4 20.Bxd4 Nd5 21.e4 N5f6 22.f3 h6
23.Qe1 Qa8 24.Na5 Rxc1 25.Rxc1 Rc8 26.Rxc8+ Qxc8 27.Qc1 Qxc1+ 28.Nxc1 Nb8
29.Nd3 Nfd7 30.Be3 Bd8 31.Nc4 Nc6 32.Kf2 Bf6 33.Nc5 Nxc5 34.Bxc5 g5 35.Ke3 h5
36.Kd3 Bc3 37.Be3 f6 38.Bd2 Ba1 39.Ne3 Ne5+ 40.Ke2 a5 41.Nc2 Bb2 42.Be3 Kf7
43.Bb6 Nc6 44.Kd3 Ne5+ 45.Ke3 Nc6 46.Bd4 Bxd4+ 47.Nxd4 Ne5 48.Nc2 h4 49.h3 Ng6
50.Kd4 Nf4 51.Ne1 Ne2+ 52.Kc4 Ke7 53.Kb5 Kd6 54.Nd3 f5 55.exf5 exf5 56.Kxa5 Kd5
57.Kxb4 Kd4 58.Nc5 Nf4 59.a5 Nd5+ 60.Kb5 Ke3 61.Ne6 g4 62.fxg4 fxg4 63.a6  1-0

[Event "Masters"]
[Site "Besancon FRA"]
[Date "2001.04.23"]
[Round "3"]
[White "Chernuschevich,A"]
[Black "Costa,JL"]
[Result "1-0"]
[WhiteElo "2440"]
[BlackElo "2359"]

1.d4 d5 2.c4 dxc4 3.Nf3 a6 4.e3 Bg4 5.Bxc4 e6 6.h3 Bh5 7.Nc3 Nf6 8.g4 Bg6
9.Ne5 Nbd7 10.Nxg6 hxg6 11.g5 Nd5 12.Nxd5 exd5 13.Bxd5 c6 14.Bc4 Qxg5 15.Qb3 Qf6
16.Bd2 b5 17.Be2 Be7 18.Bc3 O-O 19.h4 c5 20.h5 b4 21.Bd2 g5 22.Qd5 Rad8 23.Qe4 Rfe8
24.O-O-O cxd4 25.exd4 Bf8 26.Qg4 Qc6+ 27.Kb1 Nf6 28.Qf3 Qxf3  1-0

[Event "TSGM"]
[Site "Belgrade YUG"]
[Date "2001.04.24"]
[Round "4"]
[White "Milanovic,D"]
[Black "Estrada Nieto,J"]
[Result "1/2-1/2"]
[WhiteElo "2421"]
[BlackElo "2371"]

1.d4 d5 2.Nf3 c5 3.c4 dxc4 4.d5 e6 5.Nc3 exd5 6.Qxd5 Qxd5 7.Nxd5 Na6 8.e4 Ne7
9.Ne3 Ng6 10.Bxc4 Nc7 11.O-O Be6 12.Bxe6 Nxe6 13.Nf5 Be7 14.h4 h5 15.Rd1 b6
16.Bd2 Bf6 17.Bc3 Bxc3 18.bxc3 Rd8 19.g3 O-O 20.Kf1 Rfe8 21.Ke2 f6 22.Rxd8 Nxd8
23.Ke3 Nf7 24.Rd1 Nf8 25.Rd5 Re6 26.Kd3 g6 27.Ne3 Nd6 28.Nd2 Kf7 29.f4 Nb7
30.a4 Rc6 31.Ndc4 a6 32.f5 b5 33.axb5 axb5 34.Nd2 c4+ 35.Ke2 Nc5 36.fxg6+ Kxg6
37.e5 Na4 38.Nd1 b4 39.Nb1 bxc3 40.Nbxc3 Nxc3+ 41.Nxc3 Re6 42.Kf3 Rxe5 43.Rxe5 fxe5
44.g4 hxg4+ 45.Kxg4 Nd7 46.h5+ Kf6 47.Ne4+ Ke6 48.Kg5 Kd5 49.h6 Nf8 50.Kf5 Kd4
51.Nd6  1/2-1/2

[Event "Zone 3.2b (Oceana)"]
[Site "Gold Coast AUS"]
[Date "2001.04.26"]
[Round "7"]
[White "Lukey,S"]
[Black "Wallace,JP"]
[Result "0-1"]
[WhiteElo "2234"]
[BlackElo "2388"]

1.d4 d5 2.c4 dxc4 3.Nf3 a6 4.e3 e6 5.Bxc4 c5 6.O-O b5 7.Bb3 Bb7 8.a4 Nd7
9.Qe2 b4 10.Rd1 Ngf6 11.e4 cxd4 12.Nxd4 Qb8 13.Bg5 Bd6 14.Nf5 Bxh2+ 15.Kh1 O-O
16.Nxg7 Kxg7 17.g3 Nxe4 18.Kxh2 Nxg5 19.Qg4 Qe5 20.Rxd7 h5 21.Qxb4 h4 22.Qc3  0-1

[Event "Bank Pocztowy Open A"]
[Site "Bydgoszcz POL"]
[Date "2001.05.03"]
[Round "6"]
[White "Lagowski,P"]
[Black "Maksimenko,A"]
[Result "1/2-1/2"]
[WhiteElo "2328"]
[BlackElo "2514"]

1.d4 d5 2.c4 dxc4 3.Nf3 a6 4.e3 e6 5.Bxc4 Nf6 6.O-O b5 7.Be2 Nbd7 8.a4 b4
9.Nbd2 Bb7 10.Nb3 c5 11.Bd2 cxd4 12.Nfxd4 e5 13.Nf3 Be7 14.a5 O-O 15.Rc1 Qb8
16.Qe1 Rd8 17.h3 g6 18.Bc4 Rc8 19.Bxb4 Bxb4 20.Qxb4 Bxf3 21.Qxb8 Raxb8 22.gxf3 Rxc4
23.Rxc4 Rxb3 24.Rc6 Rxb2 25.Rxa6 Ra2 26.Rc1 Kf8 27.Ra8+ Ke7 28.e4 Ne8 29.Ra7 Ra3
30.Kg2 h5 31.a6 Ra5 32.Rc6 h4 33.Kf1 Ra1+ 34.Ke2 Ra2+ 35.Kf1 Ra1+ 36.Ke2 Ra2+  1/2-1/2

[Event "2nd IECC"]
[Site "Ohrid MKD"]
[Date "2001.06.07"]
[Round "7"]
[White "Podgaets,M"]
[Black "Volzhin,A"]
[Result "1/2-1/2"]
[WhiteElo "2477"]
[BlackElo "2528"]

1.d4 d5 2.c4 dxc4 3.Nf3 a6 4.e3 e6 5.Bxc4 c5 6.O-O Nf6 7.Bb3 b5 8.a4 b4 9.Nbd2 Be7
10.Nc4 O-O 11.Qe2 Nbd7 12.Rd1  1/2-1/2

[Event "2nd IECC"]
[Site "Ohrid MKD"]
[Date "2001.06.10"]
[Round "9"]
[White "Najer,E"]
[Black "Sulava,N"]
[Result "1-0"]
[WhiteElo "2600"]
[BlackElo "2526"]

1.d4 d5 2.c4 dxc4 3.Nf3 a6 4.e3 Bg4 5.Bxc4 e6 6.h3 Bh5 7.Nc3 Nd7 8.e4 b5
9.Be2 Bg6 10.e5 Ne7 11.Bg5 h6 12.Bh4 Qb8 13.d5 exd5 14.Nxd5 c6 15.Nxe7 Bxe7
16.Bxe7 Kxe7 17.O-O Rd8 18.Qc1 Nxe5 19.Qc5+ Kf6 20.Rad1 Qc7 21.Rfe1 Rxd1
22.Bxd1 Nxf3+ 23.Bxf3 Bf5 24.Bh5 Be6 25.Qd4+ Ke7 26.Qxg7 Qf4 27.Bg4 Kd6 28.Bxe6 fxe6
29.b4 Qd2 30.Qe5+ Kd7 31.Qxe6+ Kc7 32.Qe7+  1-0

[Event "IV Copa Mercosur"]
[Site "Vicente Lopez ARG"]
[Date "2001.06.24"]
[Round "2"]
[White "Slipak,S"]
[Black "Matsuura,E"]
[Result "1/2-1/2"]
[WhiteElo "2448"]
[BlackElo "2467"]

1.d4 d5 2.c4 dxc4 3.Nf3 c5 4.e3 cxd4 5.Qxd4 Qxd4 6.Nxd4 Bd7 7.Bxc4 Nc6 8.Nxc6 Bxc6
9.O-O e6 10.b3 Be7 11.Bb2 Bf6 12.Nc3 Ne7 13.Rac1 O-O 14.Nd1 Bxb2 15.Nxb2 Rfd8
16.Rfd1 Kf8 17.f3 Rxd1+ 18.Rxd1 Ke8 19.Kf2 Rd8 20.Rxd8+ Kxd8 21.b4 Bd5 22.e4 Bxc4
23.Nxc4 Kc7 24.Ke3 b5 25.Na5 e5 26.Nb3 Nc6 27.a3 Kd6 28.g3 Nb8 29.Kd3 Nd7
30.Kc3 f6 31.h4 Nf8 32.Kd3 Nd7 33.Ke3 Nb6 34.Nd2 Ke6 35.Kd3  1/2-1/2

[Event "Geller Mem"]
[Site "Odessa UKR"]
[Date "2001.07.07"]
[Round "5"]
[White "Eryomenko,V"]
[Black "Fingerov,D"]
[Result "0-1"]
[WhiteElo "2151"]
[BlackElo "2407"]

1.d4 d5 2.c4 dxc4 3.Nf3 c5 4.e3 cxd4 5.exd4 Be6 6.Nc3 Nf6 7.Bg5 Nd5 8.Qa4+ Qd7
9.Qxd7+ Nxd7 10.Bxc4 N7b6 11.Bb3 h6 12.Be3 g6 13.Ne4 Nd7 14.Rc1 Bg7 15.Nc5 Nxc5
16.Rxc5 Rd8 17.Ba4+ Kf8 18.O-O Bf6 19.Bb3 Kg7 20.Re1 Rd6 21.h3 Rhd8 22.Kh2 Rb6
23.Bd2 Rbd6 24.Be3 Nxe3 25.fxe3 Bxb3 26.axb3 Rb6 27.Rc3 Rb5 28.Ra1 a6 29.Ra4 e5
30.dxe5 Rxe5 31.Nd4 Rdd5 32.Rc7 Rxe3 33.Rxb7 Be5+ 34.g3 Rxg3 35.Nc6 Rxb3+  0-1

[Event "Heart of Finland Open"]
[Site "Jyvaskyla FIN"]
[Date "2001.07.18"]
[Round "2"]
[White "Johansson,Ju"]
[Black "Rantanen,Y"]
[Result "1-0"]
[WhiteElo "2083"]
[BlackElo "2336"]

1.d4 d5 2.c4 dxc4 3.Nf3 a6 4.e3 Nf6 5.Bxc4 e6 6.O-O c5 7.Bb3 Nbd7 8.Qe2 b5
9.a4 bxa4 10.Bxa4 Bb7 11.Rd1 cxd4 12.Rxd4 Qc7 13.Bd2 a5 14.Qb5 Bxf3 15.gxf3 Rb8
16.Qxa5 Qxa5 17.Bxa5 Rxb2 18.Nd2 Bc5 19.Rd3 Ke7 20.Nb3 Bd6 21.Rad1 Bxh2+
22.Kxh2 Rxf2+ 23.Kg3 Rxf3+ 24.Kxf3 Ne5+ 25.Ke2 Nxd3 26.Rxd3 Rb8 27.Bc7  1-0

[Event "MTO"]
[Site "Biel SUI"]
[Date "2001.07.25"]
[Round "3"]
[White "Kempinski,R"]
[Black "Suter,S"]
[Result "1-0"]
[WhiteElo "2595"]
[BlackElo "2074"]

1.d4 d5 2.c4 dxc4 3.Nf3 c5 4.e3 Nf6 5.Bxc4 e6 6.O-O a6 7.Qe2 b5 8.Bb3 Nbd7
9.a4 Bb7 10.Rd1 Qb8 11.axb5 axb5 12.Rxa8 Qxa8 13.Nc3 b4 14.Nb5 Qb8 15.Bd2 Be7
16.dxc5 Nxc5 17.Bxb4 Nxb3 18.Nd6+ Bxd6 19.Qb5+ Nd7 20.Bxd6 Qa8 21.Qxb3 Bd5
22.Qb5 Bc6 23.Qg5  1-0

[Event "Dutch Open"]
[Site "Dieren NED"]
[Date "2001.07.25"]
[Round "8"]
[White "De Saegher,C"]
[Black "Afek,Y"]
[Result "0-1"]
[WhiteElo "2221"]
[BlackElo "2381"]

1.d4 d5 2.Nf3 c5 3.c4 dxc4 4.e3 cxd4 5.exd4 Be6 6.Nc3 Nf6 7.Bg5 Nd5 8.Ne4 Nb6
9.a4 a5 10.Be2 h6 11.Bf4 Bd5 12.Nc3 e6 13.Ne5 Bb4 14.O-O O-O 15.Nb5 N8d7
16.Qc1 Nxe5 17.Bxe5 Qg5 18.Qxg5 hxg5 19.Rfc1 Bd2 20.Rc2 Bf4 21.Nd6 Bc6 22.Nxc4 Bxa4
23.Nxb6 Bxc2 24.Nxa8 Rxa8 25.Bf3 Bxe5 26.dxe5 Ra6 27.Rc1 Bg6 28.h4 gxh4 29.Rc8+ Kh7
30.Bxb7 Rb6 31.Bf3 Rxb2 32.Rc5 a4 33.Rc4 a3 34.Rxh4+ Kg8 35.Ra4 a2 36.Kh2 Bc2
37.Ra5 g6 38.Kg3 Bb3 39.Ra8+ Kg7 40.Be4  0-1

[Event "Ladies"]
[Site "Hasselbacken SWE"]
[Date "2001.08.03"]
[Round "7"]
[White "Jiretorn,E"]
[Black "Andersson,C"]
[Result "1/2-1/2"]
[WhiteElo "2084"]
[BlackElo "2124"]

1.d4 d5 2.c4 dxc4 3.Nf3 a6 4.a4 Nf6 5.e3 e6 6.Bxc4 Bb4+ 7.Bd2 Nc6 8.O-O O-O
9.Qc2 Bxd2 10.Nbxd2 Ne7 11.Ne4 Nxe4 12.Qxe4 Nf5 13.Bd3 g6 14.Rfc1 Nd6 15.Qh4 Qxh4
16.Nxh4 c6 17.Nf3 f6 18.Nd2 Kf7 19.a5 Ke7 20.e4 Rd8 21.Nb3 Bd7 22.Nc5 Rab8
23.f3 Be8 24.Re1 Nf7 25.Bc4 Rxd4 26.Bxe6 Ne5 27.Bh3 Rc4 28.Rec1 Rxc1+ 29.Rxc1 b6
30.axb6 Rxb6 31.Rc2 a5 32.Kf2 Rb5 33.Ke3 Rxb2 34.Rxb2 Nc4+ 35.Kd3 Nxb2+ 36.Kc3 Nd1+
37.Kd2 Nf2 38.Bc8 Kd6 39.Nb3 Bf7 40.Nxa5 Kc7 41.Ba6 Kb6 42.Bc4 Bxc4 43.Nxc4+ Kc5
44.Ne3 Kd4 45.Nc2+ Kc4 46.Ne3+ Kd4  1/2-1/2

[Event "FSGM August"]
[Site "Budapest HUN"]
[Date "2001.08.04"]
[Round "1"]
[White "Sundararajan,K"]
[Black "Arnold,L"]
[Result "1/2-1/2"]
[WhiteElo "2421"]
[BlackElo "2408"]

1.d4 d5 2.c4 dxc4 3.Nf3 c5 4.e3 Nf6 5.Bxc4 e6 6.O-O a6 7.Bb3 Nc6 8.Nc3 cxd4
9.exd4 Be7 10.Bg5 O-O 11.Qd2 Nd5 12.Bxe7 Ncxe7 13.Rac1 b6 14.Nxd5 Nxd5 15.Bxd5 Qxd5
16.Rc7 a5 17.Rfc1 Bb7 18.Qf4 Rad8 19.a3 h6 20.h3 Ba8 21.Ra7 Rd7 22.Rxd7 Qxd7
23.Rc7 Qd5 24.Ra7 Qc6 25.Rc7 Qd5 26.Ra7 Qc6  1/2-1/2

[Event "FSGM August"]
[Site "Budapest HUN"]
[Date "2001.08.05"]
[Round "2"]
[White "Lukacs,P"]
[Black "Arnold,L"]
[Result "1-0"]
[WhiteElo "2432"]
[BlackElo "2408"]

1.d4 d5 2.c4 dxc4 3.Nf3 c5 4.e3 Nf6 5.Bxc4 e6 6.O-O a6 7.a4 Nc6 8.Qe2 cxd4
9.Rd1 Be7 10.exd4 O-O 11.Nc3 Nd5 12.Bb3 Ncb4 13.Ne5 Bd7 14.Qg4 Nf6 15.Qg3 Bc6
16.Bh6 Ne8 17.Bf4 Nf6 18.Nxc6 bxc6 19.Bc7 Qd7 20.Be5 g6 21.a5 Nfd5 22.Qf3 f6
23.Bg3 Rf7 24.Re1 Bf8 25.Na4 Re8 26.Qe2 Qa7 27.Qc4 f5 28.Be5 f4 29.Bd1 Qd7
30.Bf3 Qd8 31.Nc5 Qc8 32.Ne4 Qd8 33.h3 h6 34.Nc5 Bd6 35.Ra4 Bxe5 36.Rxe5 Qb8
37.Bg4 Kh7 38.Bxe6 Rf6 39.Nd7  1-0

[Event "Rubinstein Open"]
[Site "Polanica Zdroj POL"]
[Date "2001.08.17"]
[Round "2"]
[White "Staniszewski,Pi"]
[Black "Dlugosz,J"]
[Result "1-0"]
[WhiteElo "2451"]
[BlackElo "2272"]

1.d4 d5 2.c4 dxc4 3.Nf3 a6 4.e3 Bg4 5.Bxc4 e6 6.Nc3 Nf6 7.h3 Bxf3 8.Qxf3 Nc6
9.Bb3 Bd6 10.Ba4 Qd7 11.Bxc6 Qxc6 12.Qxc6+ bxc6 13.Ke2 c5 14.dxc5 Bxc5 15.b3 Ke7
16.Bb2 Rhd8 17.Rac1 Bd6 18.Rc2 Rab8 19.Rhc1 Rd7 20.Na4 Rbd8 21.Kf3 Nd5 22.Nc5 Nb4
23.Nxd7 Nxc2 24.Rxc2 Rxd7 25.Bxg7 f6 26.g4 a5 27.Bh6 Rd8 28.Bf4 e5 29.Bg3 Rb8
30.Rc4 Ke6 31.Ke4 Rh8 32.f3 Rb8 33.Be1 Rb5 34.Ra4 Bb4 35.Bxb4 axb4 36.Ra6+ Ke7
37.Kf5 Rc5 38.Re6+ Kd7 39.Kxf6 Rc2 40.Ra6 Rf2 41.f4 exf4 42.exf4 Rf3 43.Kg5 Rxh3
44.Rh6 Rd3 45.Rxh7+  1-0